000 00413nam a2200181Ia 4500
001 8270
005 20260306160556.0
008 260306t2014||||xx |||||||||||||| ||spa||
041 _aESP
082 _a370.1523
_bC24 Nº 5
100 _aLira Luttges, Benjamin
_eAUT
245 0 _aAtencion
260 _c2014
300 _a42 páginas :
_c20 cm.
650 _aGEN
654 _aCED
942 _cLIB
_dJUS
_fJUS
_2ddc
_n
999 _c8270
_d8270